000 00545nam a2200181 i 4500
001 26124
003 ES-MaACL
005 20230906153406.0
007 t|
008 030107s1883 sp ||||1| spa d
100 1 _aArnould, Arthur.
_923118
245 1 0 _aZoe /
_cnovela escrita por Arthur Arnould ; Traducción al español por E. Pastor Bedoya.
260 _aMadrid :
_b[s.n.,
_c1883] (
_fEl Liberal)
300 _a359 p. ;
_c18 cm.
700 0 _aPastor y Bedoya, Enrique.
_989529
740 0 _aChercher la femme.
852 _aES-MaACL
_jG-9723
999 _c26124
_d26124